| 000 | 00889nam a2200277 4500 | ||
|---|---|---|---|
| 001 | 16295 | ||
| 003 | BD-RjUL | ||
| 005 | 20211209000006.0 | ||
| 008 | 140213s1974 fr a b 000 0 eng | ||
| 020 | _a9231010409 | ||
| 020 | _a9231010395 (pbk.) | ||
| 035 | _a(BD-RjUL)16350 | ||
| 040 |
_aDLC _cDLC _dDLC _dBD-RjUL _beng |
||
| 041 | _aeng | ||
| 082 | 0 | 0 |
_a759.94 _bUNI 1974 |
| 110 | 2 |
_aUnesco. _950395 |
|
| 245 | 1 | 3 |
_aAn illustrated inventory of famous dismembered works of art: European painting : _bwith a section on dismembered tombs in France / |
| 260 |
_aParis, _c1974. |
||
| 300 |
_a221 p. : _bill. ; _c30 cm. |
||
| 504 | _aIncludes bibliographical references. | ||
| 650 | 0 |
_aPainting _xMutilation, defacement, etc. _zEurope. _950384 |
|
| 650 | 0 |
_aSculpture _xMutilation, defacement, etc. _zFrance. _950385 |
|
| 942 |
_2ddc _cBK |
||
| 999 |
_c16295 _d16295 |
||